Sports Quiz

Random Sports or Baseball Quiz

Portrait of an Athlete: Babe Ruth Quiz Stats

 Plays Quiz Updated Feb 6, 2018

Score 0/20 Timer 04:00
13 Plays Today
% Correct
The Babe was born George Herman Ruth Jr.
88.8%
Ruth was often called the 'Sultan of Swat' & 'The Bambino.'
87.4%
True, though Ty Cobb got more votes.
83.7%
True, in 1919-1921.
82.6%
True. The record still stands.
82.2%
True. He also threw 23 complete games.
76.9%
714 - the prior record was 138!
75.8%
#3 (his batting order position)
75.3%
Murderer's Row: Earle Combs, Mark
Koenig, Babe Ruth, Lou Gehrig,
Bob Meusel, and Tony Lazzeri.
74%
Born in Baltimore, he began in the minors with the Orioles.
72.7%
% Correct
He batted & threw left-handed.
72.7%
Ruth hit 60 HRs in 1927.
70.5%
False. It was the 1932 WS at Wrigley.
66.3%
True. No one's topped 440 since 1930.
64.7%
True (.690). Ted Williams is 2nd at .634.
57.5%
False. Retired in '35 as a Boston Brave.
52.9%
False. He won neither.
49.9%
False. Hit over .350 8x (incl .393 in 1923)
45.8%
False, but he did lead 12x in 14 years.
36%
7 (3 with BOS, 4 with NYY)
31.6%

You're not logged in!

Compare scores with friends on all Sporcle quizzes.
OR
Log In

You Might Also Like...

Show Comments

Extras

Top Quizzes Today


Score Distribution

Your Account Isn't Verified!

In order to create a playlist on Sporcle, you need to verify the email address you used during registration. Go to your Sporcle Settings to finish the process.

Report this User

Report this user for behavior that violates our Community Guidelines.

Details: